000 00378nam a2200145Ia 4500
008 230917s9999||||xx |||||||||||||| ||und||
040 _e97306
_aMAIN
041 _aEnglish
082 _a342.54558 C361H
100 _aChander, J
245 4 _aThe Haryana panchayati raj act, 1994 (act no 11 of 1994)
260 _aRohtak
_bBright Law House
300 _aix, 93 p.
942 _cBK
999 _c80373
_d80373